| 000 | 00431nam a22001457a 4500 | ||
|---|---|---|---|
| 008 | 230628b |||||||| |||| 00| 0 eng d | ||
| 040 |
_aNational Science Library _cNational Science Library |
||
| 080 |
_a316.752 _bP3 |
||
| 100 | 1 |
_bKheda, Shiv _912474 |
|
| 245 | _aजीने के उसूल | ||
| 246 |
_aJeene ke usool _hHindi |
||
| 260 |
_aNew Delhi: _bFull Circle Publishing, _c2003 |
||
| 300 | _a134p. | ||
| 942 |
_2udc _cBK |
||
| 999 |
_c48228 _d48228 |
||